Wildlife DNA anaylisis : Application in forensic science
| Format: | Book |
|---|---|
| Published: |
UK :
Wiley Blackwell ,
2013
|
| Subjects: |
MARC
| LEADER | 00000cam a2200000 7i4500 | ||
|---|---|---|---|
| 001 | 0000004165 | ||
| 005 | 20181227.0 | ||
| 020 | 0 | 0 | |a 9780470665961 |
| 090 | 0 | 0 | |a 363.259628591 |b DNA 2013 |
| 245 | 1 | 0 | |a Wildlife DNA anaylisis : |b Application in forensic science |c Andrian M.T Linacre & Shanan S. Tobe |
| 260 | 0 | 0 | |a UK : |b Wiley Blackwell , |c 2013 |
| 300 | |a ix, 325p. : |b il. wrn. ; |c 25cm. | ||
| 500 | 0 | 0 | |a Includes index |
| 650 | 0 | 0 | |a Forensic sciences |
| 650 | 0 | 0 | |a Wildlife crime investigation |
| 998 | |a JPSM | ||
| 999 | |a 008043 |b Monograph |c Open Shelf |e Default branch | ||